[Event "Split rapid op 6th"]
[Site "Split"]
[Date "2024.08.08"]
[Round "7"]
[White "Kurtovic, Darko"]
[Black "Mirosevic, Lovre"]
[Result "1-0"]
[WhiteElo "1900"]
[BlackElo "1609"]
[PlyCount "37"]
[EventDate "2024.08.08"]
[EventType "swiss (rapid)"]
[EventRounds "7"]
[EventCountry "CRO"]
[SourceTitle "CBM 221 Extra"]
[Source "ChessBase"]
[SourceDate "2024.09.30"]
[SourceVersion "1"]
[SourceVersionDate "2024.09.30"]
[SourceQuality "1"]

1. e4 c5 2. Nf3 Nc6 3. Bb5 g6 4. 0-0 Bg7 5. c3 d6 6. d4 cxd4 7. cxd4 Bd7 8. Nc3 a6 9. Bc4 Bg4 10. Bxf7+ Kf8 11. Be3 Nf6 12. Bb3 Na5 13. h3 Bxf3 14. Qxf3 Nxb3 15. axb3 Kg8 16. e5 dxe5 17. dxe5 Nd7 18. Rad1 Bxe5 19. Qd5+ 1-0